| 000 | 00620nam a2200169Ia 4500 | ||
|---|---|---|---|
| 003 | GCL | ||
| 008 | 140319s9999 xx 000 0 ara d | ||
| 040 |
_aGCL / _cGCL |
||
| 082 | 0 | 4 |
_a953.09 _bع ب |
| 245 | 1 | 0 | _aالبحر الاحمر والجزيرة العربية فى الصراع العثمانى البريطانى خلال الحرب العالمية الاولى |
| 490 |
_a100 قصة _v0 |
||
| 650 | 0 | 4 | _aتاريخ |
| 650 | 0 | 4 | _aالعلاقات الخارجية |
| 650 | 0 | 4 | _aالجزيرة العربية |
| 650 | 0 | 4 | _aالعالم العربى - تاريخ - العصر العثمانى |
| 942 |
_2ddc _cBK |
||
| 999 |
_c43454 _d43454 |
||